00674nam a2200217 i 4500001000700000003000900007005001700016007000300033008004100036020001800077080001900095100003500114245012400149260004500273300002200318490001900340650002800359700002900387830001900416852002100435113501ES-MaACL20251005063107.0t|061121s1977 sp r ||||1| spa d a84-265-2505-9 a330.85(45)(04)1 aDel Noce, Augusto, d1910-198910aItalia y el eurocomunismo : buna estrategia para Occidente / cAugusto del Noce ; prólogo de Federico Silva Muñoz. aMadrid : bMagisterio Español, c1977. a197 p. ; c19 cm.1 aEnsayos Aldaba 4aEurocomunismo-zItalia.1 aSilva Muñoz, Federico.1 aEnsayos Aldaba aES-MaACLjA-8539